00334pab a2200121 454500008004000000100001900040245006900059260000900128300001200137362001200149650004200161773000900203180718b1983 xxu||||| |||| 00| 0 eng d aMadhusudan, S. aThe Fourth Pay Commission - a central government employee's view c1983 a28-3,34 a18 Dec. aPersonnel, Public - Pay Plans - India aLink